Helyreállító sebészet, kézsebészet

Elmentve itt :
Bibliográfiai részletek
Szerző: Pintér Sándor
Dokumentumtípus: Könyv része
Megjelent: 2014
Sorozat:Szegedi egyetemi tudástár
Élő természettudományok
Kulcsszavak:Sebészet - Magyarország - története, Kézsebészet
Tárgyszavak:
Online Access:http://acta.bibl.u-szeged.hu/35863
LEADER 00732naa a2200205 i 4500
001 acta35863
005 20220126140443.0
008 161017s2014 hu o 0|| hun d
040 |a SZTE Egyetemi Kiadványok Repozitórium  |b hun 
041 |a hun 
100 1 |a Pintér Sándor 
245 1 0 |a Helyreállító sebészet, kézsebészet  |h [elektronikus dokumentum] /  |c  Pintér Sándor 
260 |c 2014 
300 |a 312-320 
490 0 |a Szegedi egyetemi tudástár 
490 0 |a Élő természettudományok 
650 4 |a Orvos- és egészségtudomány 
650 4 |a Klinikai orvostan 
695 |a Sebészet - Magyarország - története, Kézsebészet 
856 4 0 |u http://acta.bibl.u-szeged.hu/35863/1/tudastar_004_312-320.pdf  |z Dokumentum-elérés